| 000 | 00857nam a2200229 a 4500 | ||
|---|---|---|---|
| 001 | 48427 | ||
| 003 | BD-RjUL | ||
| 005 | 20211209054525.0 | ||
| 008 | 160814s2013 bg a|||| |||| 00| p ben d | ||
| 020 |
_a9789849007883 _c: Tk. 800.00 |
||
| 035 | _a(BD-RjUL)48546 | ||
| 040 |
_aBD-RjUL _bben _cBD-RjUL |
||
| 041 | _aben | ||
| 082 |
_223 _a891.44108 _bMAA 2013 |
||
| 100 |
_aমাহমুদ, অনীক _9146489 |
||
| 245 | 1 | 0 |
_aঅনীক মাহমুদ-কাব্যসংগ্রহ ১ / _cঅনীক মাহমুদ |
| 260 |
_aঢাকা : _bসুচয়নী পাবলিশার্স, _c২০১৩ |
||
| 300 |
_a৭৯৩ পৃ. : _bচিত্র ; _c১৮ সেমি |
||
| 650 |
_aবাংলা কবিতা _xসংগ্রহ _9126131 |
||
| 650 |
_aBengali Poetry _xcollection _9126132 |
||
| 942 |
_2ddc _cBK |
||
| 999 |
_c48427 _d48427 |
||